书目信息 |
| 书名: | From Ezra to the last of the Maccabees | |
| 作者: | ||
| 分册号: | ||
| 分册名: | 出版地: | New York : |
|
| 出版社: | Schocken Books | |
| 出版时间: | [1962]. | |
| 页数: | 186 p. : | |
| 开本: | 21 cm. | |
| 丛书名: | ||
| 中图分类号: | ||
| 科图分类号: | ||
| 其他分类号: | K382 | |
| 主题词: | ||
| 电子资源: | ||
| 000 | 01267cam a22002771 450 | |
| 001 | E0754445425 | |
| 005 | 20070711151452.01 | |
| 008 | 790919s1962 nyua 000 0 eng | |
| 010 | @a62018154 | |
| 020 | @a0-8052-0036-3. | |
| 035 | @A(DLC) 62018154 | |
| 040 | @aDLC@cDLC@dDLC | |
| 050 | 00 | @aDS121.65@b.B5 |
| 082 | 00 | @a933 |
| 090 | @aK382 | |
| 099 | @dK382@ex9 | |
| 100 | 1 | @aBickerman, E. J.@q(Elias Joseph),@d1897- |
| 245 | 10 | @aFrom Ezra to the last of the Maccabees :@bfoundations of post-Biblical Judaism. |
| 260 | @aNew York :@bSchocken Books,@c[1962]. | |
| 300 | @a186 p. :@billus. ;@c21 cm. | |
| 490 | 0 | @aSchocken paperbacks,@vSB 36 |
| 500 | @a"Combines ... [the author’s] ’the historical foundations of postbiblical Judaism,’ originally published in 1949 in The Jews: their history, culture, and religion, edited by Louis Finkelstein ... and The Maccabees: an account of their history from the beginnings to the fall of the House of the Hasmoneans, originally published [in English translation] in 1947." | |
| 650 | 0 | @aJudaism@xHistory@yPost-exilic period, 586 B.C.-210 A.D. |
| 650 | 0 | @aJews@xHistory@y586 B.C.-70 A.D. |
| 906 | @a7@bcbc@corignew@du@eocip@f19@gy-gencatlg | |
| 991 | @bc-GenColl@hDS121.65@i.B5@p00027378985@tCopy 1@wBOOKS | |
| From Ezra to the last of the Maccabees : : foundations of post-Biblical Judaism.-New York : : Schocken Books, , [1962]. |
| 186 p. : : illus. ; ; 21 cm.- (Schocken paperbacks, SB 36 ) |
| "Combines ... [the author’s] ’the historical foundations of postbiblical Judaism,’ originally published in 1949 in The Jews: their history, culture, and religion, edited by Louis Finkelstein ... and The Maccabees: an account of their history from the beginnings to the fall of the House of the Hasmoneans, originally published [in English translation] in 1947." |
| ISBN 0-8052-0036-3. |
| ● |
| 相关链接 |
|
|
|
|
正题名:From Ezra to the last of the Maccabees
索取号:K382/x9
 
预约/预借
| 序号 | 登录号 | 条形码 | 馆藏地/架位号 | 状态 | 备注 |
| 1 | 0011808 | 300118085 | 第二样本阅览室/ [索取号:K382/x9] | 在馆 |